Loading...
| Literature - World Literature | 3 | 3 | 0 | 0 | 75 | 55 | 77.83 | 4 | 5 |
| Auditory Arts | 1 | 4 | 1 | 1 | 50 | 53 | 100.40 | 2 | 5 |
| Literature - British Literature | 2 | 2 | 0 | 1 | 50 | 50 | 86.75 | 1 | 2 |
| Fine Arts - Other Arts | 2 | 1 | 0 | 0 | 40 | 57 | 80.00 | 1 | 2 |
| Philosophy | 0 | 4 | 0 | 1 | 40 | 85 | 106.50 | 0 | 2 |
| History - Ancient History | 0 | 4 | 0 | 1 | 40 | 72 | 100.25 | 0 | 4 |
| Social Science | 0 | 3 | 0 | 0 | 30 | 89 | 104.33 | 1 | 3 |
| Literature - American Literature | 1 | 2 | 1 | 0 | 30 | 75 | 99.33 | 1 | 3 |
| History - European History | 1 | 1 | 0 | 0 | 25 | 60 | 63.00 | 1 | 2 |
| Literature - European Literature | 1 | 1 | 0 | 0 | 25 | 46 | 57.50 | 1 | 2 |
| Science - Physics | 0 | 2 | 0 | 0 | 20 | 101 | 103.00 | 1 | 2 |
| Science - Chemistry | 0 | 2 | 0 | 0 | 20 | 96 | 104.00 | 0 | 2 |
| Beliefs | 0 | 2 | 1 | 0 | 15 | 103 | 118.00 | 1 | 2 |
| History - World History | 0 | 2 | 1 | 0 | 15 | 101 | 104.00 | 0 | 2 |
| Visual Arts | 0 | 2 | 1 | 0 | 15 | 97 | 100.50 | 1 | 2 |
| Other Academic | 0 | 1 | 0 | 0 | 10 | 104 | 104.00 | 0 | 0 |
| History - American History | 0 | 1 | 0 | 0 | 10 | 69 | 69.00 | 0 | 1 |
| History - Other History | 0 | 1 | 0 | 0 | 10 | 100 | 100.00 | 0 | 1 |
| Science - Biology | 0 | 1 | 1 | 0 | 5 | 96 | 96.00 | 0 | 1 |